[Event "Moscow-ch (Women)"]
[Site "Moscow"]
[Date "2012.03.24"]
[Round "8"]
[White "Frolova, Ekaterina"]
[Black "Vasilevich, Irina"]
[Result "1-0"]
[WhiteElo "2000"]
[BlackElo "2380"]
[PlyCount "125"]
[EventDate "2012.03.17"]
[EventType "swiss"]
[EventRounds "9"]
[EventCountry "RUS"]
[SourceTitle "CBM 147 Extra"]
[Source "ChessBase"]
[SourceDate "2012.04.24"]
[SourceVersion "1"]
[SourceVersionDate "2012.04.24"]
[SourceQuality "1"]

1. e4 c5 2. Nf3 e6 3. d4 cxd4 4. Nxd4 a6 5. Bd3 Qc7 6. 0-0 Nf6 7. Nc3 Nc6 8. Be3 Ne5 9. h3 Bc5 10. Kh1 d6 11. Qe2 0-0 12. a3 Ng6 13. f4 Re8 14. Nb3 Bxe3 15. Qxe3 b5 16. Rae1 Bb7 17. Nd4 Qc5 18. f5 exf5 19. Rxf5 Re5 20. Rxe5 dxe5 21. Nf5 Qxe3 22. Rxe3 Rd8 23. g3 Kf8 24. Kg1 Ne7 25. Nxe7 Kxe7 26. Kf2 Nd7 27. Nd5+ Kd6 28. c4 Nc5 29. Nc3 Ke7 30. Nd5+ Kd6 31. Nc3 Ke6 32. Be2 Rd2 33. b4 Nb3 34. cxb5 Nd4 35. Ke1 Rxe2+ 36. Nxe2 Nc2+ 37. Kf2 Nxe3 38. bxa6 Nd1+ 39. Ke1 Bxe4 40. Kxd1 Kd6 41. Nc3 Bg2 42. h4 f5 43. Ke2 Kc7 44. Na4 f4 45. gxf4 exf4 46. b5 h6 47. b6+ Kc6 48. b7 Kc7 49. Nc5 Bc6 50. Ne6+ Kb8 51. Nxg7 Bb5+ 52. Kf3 Bxa6 53. Kxf4 Kxb7 54. Nf5 h5 55. Kg5 Bd3 56. Ng3 Kb6 57. Nxh5 Be2 58. Nf6 Ka5 59. Ng4 Ka4 60. h5 Kxa3 61. h6 Bd3 62. Kf6 Kb4 63. Ne5 1-0

[Event "Moscow-ch (Women)"]
[Site "Moscow"]
[Date "2012.03.23"]
[Round "7"]
[White "Frolova, Ekaterina"]
[Black "Voit, Daria"]
[Result "1-0"]
[WhiteElo "2000"]
[BlackElo "2308"]
[PlyCount "121"]
[EventDate "2012.03.17"]
[EventType "swiss"]
[EventRounds "9"]
[EventCountry "RUS"]
[SourceTitle "CBM 147 Extra"]
[Source "ChessBase"]
[SourceDate "2012.04.24"]
[SourceVersion "1"]
[SourceVersionDate "2012.04.24"]
[SourceQuality "1"]

1. e4 c5 2. Nf3 d6 3. d4 cxd4 4. Nxd4 Nf6 5. Nc3 a6 6. Be3 e5 7. Nb3 Be7 8. Qd2 0-0 9. 0-0-0 Qc7 10. f4 b5 11. Be2 Bb7 12. Bf3 Nbd7 13. f5 Rfc8 14. a3 Nb6 15. Na5 b4 16. axb4 Nc4 17. Nxc4 Qxc4 18. Nd5 Bxd5 19. exd5 Rab8 20. Kb1 Rxb4 21. Be2 Rxb2+ 22. Kxb2 Rb8+ 23. Ka3 Qe4 24. Rb1 Rc8 25. Rb4 Qxf5 26. c4 Qd7 27. Rhb1 Ne4 28. Qc2 Nc5 29. Rb8 g6 30. Bxc5 dxc5 31. Qa4 Qd8 32. Rxc8 Qxc8 33. Qc6 Qf5 34. Rb8+ Kg7 35. d6 Bg5 36. Bd1 Qd3+ 37. Ka4 Qxd1+ 38. Ka5 e4 39. Qxc5 Qd2+ 40. Kxa6 Bf6 41. d7 Kh6 42. Qd5 Qa2+ 43. Kb7 e3 44. Qxf7 e2 45. Qxf6 e1Q 46. d8Q Qe4+ 47. Qd5 Qb3+ 48. Kc7 Qxb8+ 49. Kxb8 Qe8+ 50. Kc7 Qb8+ 51. Kd7 Qe8+ 52. Kd6 Qb8+ 53. Ke6 Qe8+ 54. Qe7 Qc8+ 55. Ke5 Qf5+ 56. Kd4 Qf6+ 57. Qde5 Qb6+ 58. c5 Qb4+ 59. Ke3 Qb3+ 60. Kf2 Qc2+ 61. Kg3 1-0

[Event "Moscow-ch (Women)"]
[Site "Moscow"]
[Date "2012.03.17"]
[Round "1"]
[White "Frolova, Ekaterina"]
[Black "Mirzoeva, Elmira"]
[Result "1-0"]
[WhiteElo "2000"]
[BlackElo "2258"]
[PlyCount "59"]
[EventDate "2012.03.17"]
[EventType "swiss"]
[EventRounds "9"]
[EventCountry "RUS"]
[SourceTitle "CBM 147 Extra"]
[Source "ChessBase"]
[SourceDate "2012.04.24"]
[SourceVersion "1"]
[SourceVersionDate "2012.04.24"]
[SourceQuality "1"]

1. e4 c6 2. d4 d5 3. e5 Bf5 4. Nf3 e6 5. Be2 Ne7 6. Nh4 Bg6 7. Nxg6 hxg6 8. Nd2 c5 9. c3 Nf5 10. Nf3 Nc6 11. 0-0 cxd4 12. g4 Nh4 13. cxd4 Nxf3+ 14. Bxf3 Bb4 15. Bg2 Ba5 16. Be3 Bb6 17. Qd3 Qe7 18. a3 Na5 19. b3 Rc8 20. f4 Nc6 21. h3 0-0 22. f5 a6 23. f6 Qd7 24. Kh1 Na7 25. Qd2 Nb5 26. Bh6 gxf6 27. exf6 Bxd4 28. Bg7 Bxf6 29. Bxf6 Kh7 30. Qg5 1-0

[Event "Moscow op (Women)"]
[Site "Moscow"]
[Date "2012.01.29"]
[Round "2"]
[White "Grigorian, Marine"]
[Black "Frolova, Ekaterina"]
[Result "1-0"]
[WhiteElo "2205"]
[BlackElo "2005"]
[PlyCount "57"]
[EventDate "2012.01.28"]
[EventType "swiss"]
[EventRounds "9"]
[EventCountry "RUS"]
[SourceTitle "CBM 146 Extra"]
[Source "ChessBase"]
[SourceDate "2012.02.29"]
[SourceVersion "1"]
[SourceVersionDate "2012.02.29"]
[SourceQuality "1"]

1. Nf3 c5 2. e4 d6 3. Nc3 Nf6 4. g3 e5 5. Bg2 g6 6. 0-0 Bg7 7. d3 0-0 8. h3 Nc6 9. Bg5 Be6 10. Qd2 Qd7 11. Kh2 Ne8 12. Bh6 Bxh6 13. Qxh6 f6 14. Qd2 Nc7 15. Ng1 d5 16. exd5 Nxd5 17. Ne4 b6 18. Ne2 Rab8 19. f4 exf4 20. Nxf4 Nxf4 21. Qxf4 f5 22. Ng5 Bd5 23. Rae1 Rf6 24. Bxd5+ Qxd5 25. Qh4 h5 26. Ne4 Re6 27. Nf6+ Rxf6 28. Qxf6 Kh7 29. Re6 1-0

[Event "RUS-chT U20"]
[Site "Rybinsk"]
[Date "2010.08.09"]
[Round "8"]
[White "Vasenina, Anna"]
[Black "Frolova, Ekaterina"]
[Result "0-1"]
[WhiteElo "1864"]
[BlackElo "2043"]
[PlyCount "46"]
[EventDate "2010.08.02"]
[EventType "team-swiss"]
[EventRounds "9"]
[EventCountry "RUS"]
[SourceTitle "EXT 2011"]
[Source "ChessBase"]
[SourceDate "2010.11.26"]
[SourceVersion "1"]
[SourceVersionDate "2010.11.26"]
[SourceQuality "1"]

1. e4 c5 2. Nf3 d6 3. d4 Nf6 4. Nc3 cxd4 5. Nxd4 a6 6. f4 Nbd7 7. Qf3 g6 8. g4 e5 9. Nb3 exf4 10. Bxf4 Ne5 11. Bxe5 dxe5 12. h3 Be6 13. Rd1 Nd7 14. Nd5 Rc8 15. c3 h5 16. gxh5 Qh4+ 17. Ke2 Rc4 18. Nd2 Bxd5 19. Nxc4 Bxc4+ 20. Kd2 Bxa2 21. Kc2 Nc5 22. hxg6 fxg6 23. Bg2 Bb3+ 0-1

[Event "RUS-chT U20"]
[Site "Rybinsk"]
[Date "2010.08.06"]
[Round "5"]
[White "Melnikova, Vladislava"]
[Black "Frolova, Ekaterina"]
[Result "0-1"]
[WhiteElo "1552"]
[BlackElo "2043"]
[PlyCount "60"]
[EventDate "2010.08.02"]
[EventType "team-swiss"]
[EventRounds "9"]
[EventCountry "RUS"]
[SourceTitle "EXT 2011"]
[Source "ChessBase"]
[SourceDate "2010.11.26"]
[SourceVersion "1"]
[SourceVersionDate "2010.11.26"]
[SourceQuality "1"]

1. e4 c5 2. Nf3 d6 3. d4 cxd4 4. Nxd4 Nf6 5. Nc3 a6 6. Be3 e6 7. Qd2 b5 8. f3 Nbd7 9. g4 Nb6 10. h4 Bb7 11. Qf2 Nfd7 12. Be2 Rc8 13. a3 d5 14. 0-0 e5 15. Bg5 Qc7 16. Nb3 f6 17. Be3 d4 18. Nxd4 exd4 19. Bxd4 Bc5 20. Rad1 0-0 21. g5 fxg5 22. hxg5 Qf4 23. Qg2 Bxd4+ 24. Rxd4 Rc5 25. Kf2 Rxg5 26. Qh3 Bc8 27. Qe6+ Kh8 28. Qd6 Ne5 29. Qxb6 Nxf3 30. Rdd1 Rg2+ 0-1

[Event "RUS-chT U20"]
[Site "Rybinsk"]
[Date "2010.08.05"]
[Round "4"]
[White "Trubitsyna, Yulia"]
[Black "Frolova, Ekaterina"]
[Result "1/2-1/2"]
[WhiteElo "2067"]
[BlackElo "2043"]
[PlyCount "133"]
[EventDate "2010.08.02"]
[EventType "team-swiss"]
[EventRounds "9"]
[EventCountry "RUS"]
[SourceTitle "EXT 2011"]
[Source "ChessBase"]
[SourceDate "2010.11.26"]
[SourceVersion "1"]
[SourceVersionDate "2010.11.26"]
[SourceQuality "1"]

1. Nf3 d5 2. g3 Nf6 3. Bg2 c6 4. 0-0 Bf5 5. d3 h6 6. Nbd2 e6 7. c4 Be7 8. b3 0-0 9. Bb2 Nbd7 10. Rc1 Bh7 11. Rc2 a5 12. a3 Bd6 13. Qa1 Qe7 14. Re1 e5 15. cxd5 cxd5 16. e4 d4 17. Rec1 Nc5 18. Nxe5 Ncxe4 19. Nxe4 Nxe4 20. dxe4 Bxe5 21. Bxd4 Bxd4 22. Qxd4 Qxa3 23. Qb6 a4 24. bxa4 Rxa4 25. Qxb7 Ra7 26. Qd5 Ra5 27. Qc4 Bg6 28. Qc3 Qa4 29. Qc6 Qd4 30. Qc3 Qa4 31. Qc4 Qa3 32. Rc3 Qd6 33. Qc7 Qb4 34. Qc4 Qe7 35. Qe2 Ra7 36. Rc8 Rxc8 37. Rxc8+ Kh7 38. Rc1 Qe6 39. h4 Re7 40. Re1 f6 41. Kh2 Qd6 42. Qc4 Bf7 43. Qc2 Kh8 44. Rc1 Be6 45. Qc6 Qd4 46. Qa8+ Kh7 47. Rc2 Qd3 48. Qc6 Bf7 49. Qc3 Qd7 50. Rb2 Qa7 51. Qc2 Kh8 52. Qc8+ Kh7 53. Qc2 Kh8 54. Rb4 Re8 55. Qb2 Re7 56. Rb8+ Kh7 57. Rb5 Qc7 58. h5 Be8 59. Rf5 Bd7 60. Rf4 Re5 61. Bf3 Qc5 62. Rh4 Be8 63. Qe2 Bb5 64. Qe1 Be8 65. Qe2 Bb5 66. Qe1 Be8 67. Bg4 1/2-1/2

[Event "RUS-chT U20"]
[Site "Rybinsk"]
[Date "2010.08.02"]
[Round "1"]
[White "Frolova, Ekaterina"]
[Black "Bukhteeva, Viktoria"]
[Result "1-0"]
[WhiteElo "2043"]
[BlackElo "2134"]
[PlyCount "67"]
[EventDate "2010.08.02"]
[EventType "team-swiss"]
[EventRounds "9"]
[EventCountry "RUS"]
[SourceTitle "EXT 2011"]
[Source "ChessBase"]
[SourceDate "2010.11.26"]
[SourceVersion "1"]
[SourceVersionDate "2010.11.26"]
[SourceQuality "1"]

1. e4 c5 2. Nf3 d6 3. d4 cxd4 4. Nxd4 Nf6 5. Nc3 a6 6. Be3 e5 7. Nb3 Be6 8. Qd2 Nbd7 9. 0-0-0 b5 10. f4 Be7 11. f5 Bc4 12. g4 Bxf1 13. Rhxf1 b4 14. Nd5 Nxd5 15. Qxd5 a5 16. Kb1 a4 17. Nd2 0-0 18. g5 Bxg5 19. Bxg5 Qxg5 20. Qxd6 Rfd8 21. Nf3 Qf6 22. Qxb4 Qa6 23. Qe7 Qb5 24. Nxe5 a3 25. Qxf7+ Kh8 26. Nd3 Nf6 27. Qb3 Qe8 28. e5 Ne4 29. Qb4 Qc6 30. Rfe1 Ra4 31. Qb3 axb2 32. Nb4 Rxd1+ 33. Rxd1 Qe6 34. Qd3 1-0

[Event "Moscow-ch (Women)"]
[Site "Moscow"]
[Date "2010.05.24"]
[Round "4"]
[White "Manakova, Maria"]
[Black "Frolova, Ekaterina"]
[Result "1-0"]
[WhiteElo "2333"]
[BlackElo "2022"]
[PlyCount "75"]
[EventDate "2010.05.21"]
[EventType "swiss"]
[EventRounds "9"]
[EventCountry "RUS"]
[SourceTitle "CBM 136 Extra"]
[Source "ChessBase"]
[SourceDate "2010.07.02"]
[SourceVersion "2"]
[SourceVersionDate "2010.07.15"]
[SourceQuality "1"]

1. e4 c5 2. Nf3 d6 3. d4 cxd4 4. Nxd4 Nf6 5. Nc3 a6 6. Be2 e6 7. 0-0 Be7 8. a4 0-0 9. Be3 Qc7 10. f4 Nc6 11. Kh1 Re8 12. Bf3 Nxd4 13. Qxd4 e5 14. Qd2 exf4 15. Bxf4 Be6 16. Rad1 Rad8 17. Qf2 Nd7 18. Bh5 Nf6 19. Be2 Qa5 20. Be3 Qb4 21. Bd4 Nd7 22. Qg3 f6 23. Bh5 Rf8 24. Bg4 Bc4 25. Qh3 Nc5 26. Nd5 Bxd5 27. exd5 Qxa4 28. Bxc5 dxc5 29. Be6+ Kh8 30. Bf5 h6 31. Qg3 Qe8 32. d6 Bxd6 33. Rxd6 Qe2 34. Bd3 Qe5 35. Qg6 Kg8 36. Qh7+ Kf7 37. Bc4+ Ke7 38. Re6+ 1-0

[Event "Moscow-ch (Women)"]
[Site "Moscow"]
[Date "2010.05.21"]
[Round "1"]
[White "Frolova, Ekaterina"]
[Black "Zakurdjaeva, Irina"]
[Result "0-1"]
[WhiteElo "2022"]
[BlackElo "2313"]
[PlyCount "76"]
[EventDate "2010.05.21"]
[EventType "swiss"]
[EventRounds "9"]
[EventCountry "RUS"]
[SourceTitle "CBM 136 Extra"]
[Source "ChessBase"]
[SourceDate "2010.07.02"]
[SourceVersion "2"]
[SourceVersionDate "2010.07.15"]
[SourceQuality "1"]

1. e4 c5 2. Nf3 Nc6 3. d4 cxd4 4. Nxd4 Nf6 5. Nc3 d6 6. f3 e5 7. Nb3 Be7 8. Be3 0-0 9. Qd2 a5 10. Bb5 Na7 11. Ba4 Be6 12. Qf2 b5 13. Nxb5 Nxb5 14. Bxb5 a4 15. Nd2 d5 16. exd5 Nxd5 17. a3 Nxe3 18. Qxe3 Bg5 19. Qe2 Qa5 20. Bd3 f5 21. c3 Qc5 22. g3 Kh8 23. 0-0-0 Bb3 24. Bc2 Bc4 25. Bd3 Bb3 26. Bc2 Bg8 27. Rhe1 Rab8 28. Bxa4 Qb6 29. b4 Qa7 30. Qxe5 Qxa4 31. f4 Qxa3+ 32. Kc2 Qa2+ 33. Kc1 Bf6 34. Qa5 Qxa5 35. bxa5 Bxc3 36. Kc2 Bxa5 37. Kd3 Rfd8+ 38. Ke2 Rb2 0-1

[Event "RUS-chT Clubs U18"]
[Site "Rybinsk"]
[Date "2009.08.07"]
[Round "6"]
[White "Zlobina, Darya"]
[Black "Frolova, Ekaterina"]
[Result "0-1"]
[WhiteElo "1927"]
[BlackElo "1967"]
[PlyCount "100"]
[EventDate "2009.08.02"]
[EventType "team-swiss"]
[EventRounds "9"]
[EventCountry "RUS"]
[SourceTitle "CBM 131 Extra"]
[Source "ChessBase"]
[SourceDate "2009.09.03"]
[SourceVersion "2"]
[SourceVersionDate "2009.09.16"]
[SourceQuality "1"]

1. d4 d5 2. g3 Nf6 3. Bg2 Bf5 4. c4 e6 5. a3 c6 6. b3 Nbd7 7. Nf3 h6 8. 0-0 Bd6 9. Bb2 0-0 10. Nfd2 Ne4 11. f3 Nxg3 12. hxg3 Bxg3 13. f4 Qh4 14. Nf3 Qh5 15. e3 Nf6 16. Qe2 Ng4 17. Rd1 Bf2+ 18. Kf1 Bc2 19. Rc1 Bxb3 20. Rc3 Bxc4 21. Rxc4 dxc4 22. Ne5 Qh2 23. Nf3 Qg3 24. Bc1 f5 25. Nc3 Rf6 26. Nd1 Rg6 27. Nxf2 Nh2+ 28. Nxh2 Qxg2+ 29. Ke1 Qxh2 30. Bb2 Rg2 31. Rc1 b5 32. Rc2 Qg1+ 33. Qf1 Qxf1+ 34. Kxf1 Rg3 35. Ke2 g5 36. fxg5 hxg5 37. Rc1 Kf7 38. Rh1 Kg6 39. Bc3 f4 40. Nd1 Rf8 41. Bb4 f3+ 42. Kf1 Rf7 43. Bd6 Rg2 44. Nf2 a5 45. Rh8 g4 46. Nxg4 Rxg4 47. Rg8+ Kf5 48. Rc8 Ke4 49. Rxc6 f2 50. Bf4 Kf3 0-1

[Event "RUS-chT Clubs U18"]
[Site "Rybinsk"]
[Date "2009.08.05"]
[Round "4"]
[White "Frolova, Ekaterina"]
[Black "Kosolapova, Lilia"]
[Result "1/2-1/2"]
[WhiteElo "1967"]
[BlackElo "1957"]
[PlyCount "116"]
[EventDate "2009.08.02"]
[EventType "team-swiss"]
[EventRounds "9"]
[EventCountry "RUS"]
[SourceTitle "CBM 131 Extra"]
[Source "ChessBase"]
[SourceDate "2009.09.03"]
[SourceVersion "2"]
[SourceVersionDate "2009.09.16"]
[SourceQuality "1"]

1. e4 c6 2. d4 d5 3. Nc3 dxe4 4. Nxe4 Bf5 5. Ng3 Bg6 6. h4 h6 7. Nf3 Nd7 8. h5 Bh7 9. Bd3 Bxd3 10. Qxd3 e6 11. Bd2 Ngf6 12. 0-0-0 Qc7 13. Qe2 0-0-0 14. Ne5 Nb6 15. Ba5 c5 16. Bxb6 axb6 17. Rh4 Bd6 18. f4 Kb8 19. Ne4 Nxe4 20. Qxe4 Be7 21. Rh3 Bf6 22. c4 Rxd4 23. Rxd4 cxd4 24. Qxd4 Rd8 25. Qc3 Qc5 26. Qe3 Rd4 27. b4 Qd6 28. Rf3 Bxe5 29. Qxe5 Qxe5 30. fxe5 Rxc4+ 31. Kd2 Rxb4 32. Kc3 Re4 33. Rxf7 Rxe5 34. Rxg7 Rxh5 35. Rg6 e5 36. Rxb6 Kc7 37. Re6 Rg5 38. Rxh6 Rxg2 39. Re6 Re2 40. Kd3 Re1 41. Kd2 Re4 42. Kd3 Rd4+ 43. Kc3 Rd5 44. Kc4 Ra5 45. Kb4 b6 46. a3 Rc5 47. a4 Ra5 48. Rf6 Rd5 49. Re6 Kb7 50. Re8 Rd4+ 51. Kc3 Rxa4 52. Rxe5 Kc6 53. Re6+ Kb5 54. Re5+ Ka6 55. Kb3 Rf4 56. Re8 Ka5 57. Re5+ b5 58. Re3 Ra4 1/2-1/2

[Event "Moscow op (Women)"]
[Site "Moscow"]
[Date "2009.02.07"]
[Round "8"]
[White "Frolova, Ekaterina"]
[Black "Kalmykova, Anastasia"]
[Result "0-1"]
[WhiteElo "1948"]
[BlackElo "2100"]
[PlyCount "102"]
[EventDate "2009.01.31"]
[EventType "swiss"]
[EventRounds "9"]
[EventCountry "RUS"]
[SourceTitle "EXT 2012"]
[Source "ChessBase"]
[SourceDate "2011.11.24"]
[SourceVersion "1"]
[SourceVersionDate "2011.11.24"]
[SourceQuality "1"]

1. e4 e6 2. d4 b6 3. Nc3 Bb7 4. Bd3 Bb4 5. Nf3 c5 6. 0-0 cxd4 7. Nxd4 Nc6 8. Nxc6 Bxc6 9. Bd2 Ne7 10. Qg4 Ng6 11. f4 Bc5+ 12. Kh1 Qh4 13. Qe2 0-0 14. Be1 Qe7 15. Qh5 Be3 16. Bg3 Qc5 17. f5 Ne5 18. fxe6 Nxd3 19. exf7+ Kh8 20. Qxc5 Nxc5 21. Bd6 Bd4 22. Bxf8 Rxf8 23. Rae1 g6 24. e5 Kg7 25. Nd1 Ne6 26. c3 Bc5 27. b4 Be7 28. Nb2 Rxf7 29. Rxf7+ Kxf7 30. a4 Bg5 31. a5 bxa5 32. bxa5 Nf4 33. Nc4 Bxg2+ 34. Kg1 Bd5 35. Nd6+ Ke6 36. Ne4 Be7 37. Nd6 Nd3 38. Rb1 Nxe5 39. Nc8 Bc5+ 40. Kf1 Bc4+ 41. Kg2 Ba6 42. Nb6 axb6 43. axb6 Bb7+ 44. Kg3 Nc4 45. Re1+ Kd6 46. Rf1 Bxb6 47. Rf7 Ke6 48. Rxh7 Ne5 49. Rh8 Bc6 50. h4 Ba5 51. h5 gxh5 0-1

[Event "Moscow op (Women)"]
[Site "Moscow"]
[Date "2009.02.02"]
[Round "3"]
[White "Krasenkova, Ilena"]
[Black "Frolova, Ekaterina"]
[Result "0-1"]
[WhiteElo "2170"]
[BlackElo "1948"]
[PlyCount "78"]
[EventDate "2009.01.31"]
[EventType "swiss"]
[EventRounds "9"]
[EventCountry "RUS"]
[SourceTitle "EXT 2012"]
[Source "ChessBase"]
[SourceDate "2011.11.24"]
[SourceVersion "1"]
[SourceVersionDate "2011.11.24"]
[SourceQuality "1"]

1. d4 d5 2. c4 c6 3. Nf3 Nf6 4. Qc2 dxc4 5. Qxc4 Bf5 6. Nc3 e6 7. a4 a5 8. Bg5 Be7 9. g3 Nbd7 10. Bg2 h6 11. Bxf6 Nxf6 12. Ne5 0-0 13. 0-0 Nd7 14. Nxd7 Qxd7 15. e4 Bg4 16. d5 e5 17. f3 Bh5 18. Rfd1 Qc7 19. g4 Bg6 20. dxc6 bxc6 21. Kh1 Qb7 22. Rd2 Rfd8 23. Rad1 Rxd2 24. Rxd2 Rd8 25. Rxd8+ Bxd8 26. b3 Qd7 27. Bf1 Bb6 28. Qd3 Qe7 29. Qc4 Qd6 30. Qd3 Qc5 31. Kg2 Kh7 32. Nd1 h5 33. Be2 Qg1+ 34. Kh3 Qh1 35. gxh5 Bxh5 36. Nb2 Bg1 37. Kh4 Qxh2+ 38. Kg5 Qf4+ 39. Kxh5 g6# 0-1

[Event "Vladimir op-B"]
[Site "Vladimir"]
[Date "2008.08.22"]
[Round "10.18"]
[White "Frolova, Ekaterina"]
[Black "Novozhenin, Aleksandr"]
[Result "0-1"]
[WhiteElo "1925"]
[BlackElo "2174"]
[PlyCount "87"]
[EventDate "2008.08.12"]
[EventType "swiss"]
[EventRounds "10"]
[EventCountry "RUS"]
[SourceTitle "EXT 2022"]
[Source "ChessBase"]
[SourceDate "2021.10.06"]
[SourceVersion "1"]
[SourceVersionDate "2021.10.06"]
[SourceQuality "1"]

1. e4 Nc6 2. d4 d5 3. e5 Bf5 4. a3 e6 5. Nf3 a6 6. Bd3 Bg6 7. Bxg6 hxg6 8. Qd3 Qd7 9. Bg5 Rc8 10. Nbd2 Nce7 11. Nb3 f6 12. Bd2 Kf7 13. 0-0-0 Nc6 14. exf6 gxf6 15. g4 Bd6 16. h4 Nge7 17. h5 g5 18. Rde1 Rcg8 19. Kb1 e5 20. dxe5 fxe5 21. Nxg5+ Rxg5 22. Bxg5 Qxg4 23. Reg1 Qf5 24. Qxf5+ Nxf5 25. c3 b5 26. Be3 Nxe3 27. fxe3 Rh6 28. Rg2 Ne7 29. Rf1+ Ke6 30. Rg5 c5 31. Kc2 c4 32. Nc1 Rh8 33. Ne2 a5 34. Ng3 b4 35. axb4 axb4 36. Nf5 Bc5 37. Nxe7 b3+ 38. Kd2 Bxe7 39. Rg6+ Kd7 40. Rf5 d4 41. exd4 exd4 42. Rd5+ Ke8 43. Rxd4 Rxh5 44. Rg2 0-1

[Event "Vladimir op-B"]
[Site "Vladimir"]
[Date "2008.08.21"]
[Round "9"]
[White "Shustov, Igor"]
[Black "Frolova, Ekaterina"]
[Result "1-0"]
[WhiteElo "2050"]
[BlackElo "1925"]
[PlyCount "43"]
[EventDate "2008.08.12"]
[EventType "swiss"]
[EventRounds "10"]
[EventCountry "RUS"]
[SourceTitle "CBM 126 Extra"]
[Source "ChessBase"]
[SourceDate "2008.11.05"]
[SourceVersion "1"]
[SourceVersionDate "2008.11.05"]
[SourceQuality "1"]

1. d4 d5 2. c4 c6 3. e3 Nf6 4. Nf3 e6 5. Nc3 Nbd7 6. Ne5 Bb4 7. cxd5 exd5 8. Bd3 Qe7 9. f4 Nxe5 10. fxe5 Nd7 11. 0-0 0-0 12. e4 Bxc3 13. bxc3 Rd8 14. exd5 cxd5 15. Qh5 g6 16. Qh6 Re8 17. Bg5 Qf8 18. Qh4 Nb6 19. Bxg6 fxg6 20. Rxf8+ Rxf8 21. Bh6 Bf5 22. Bxf8 1-0